Factores estratégicos del desarrollo : enfoques y políticas públicas locales / Maria Callejón Fornieles. enfoques y políticas públicas locales / Maria Callejón Fornieles.
Descripción Física:
X, 45 p. : gràfics ; 30 cm
Colección:
Elements de debat territorial
MARC
| LEADER | 00000nam a2200000Ia 4500 | ||
|---|---|---|---|
| 001 | 15832 | ||
| 008 | 160829s1998 xx 000 0 cat d | ||
| 080 | |a M-4-333 | ||
| 100 | |a Callejón Fornieles, Maria |9 37193 | ||
| 245 | |a Factores estratégicos del desarrollo : |b enfoques y políticas públicas locales / Maria Callejón Fornieles. | ||
| 260 | |a Barcelona : |b Diputació de Barcelona, Servei de Cooperació Local, |c 1998 | ||
| 300 | |a X, 45 p. : |b gràfics ; |c 30 cm | ||
| 490 | |a Elements de debat territorial | ||
| 590 | |a Referències bibliogràfiques | ||
| 650 | 0 | |a Administració local |9 34286 | |
| 650 | 0 | |a Desenvolupament económic |9 28523 | |
| 901 | |a Arxiu | ||
| 942 | |n 1 | ||
| 952 | |0 0 |1 0 |4 0 |6 M4333 |7 1 |9 47741 |a Arxiu |b Arxiu |d 2016-12-01 |l 0 |o M-4-333 |p 15832 |r 2016-12-01 00:00:00 |w 2016-12-01 |y ARXIU | ||
| 999 | |c 51540 |d 51540 | ||